000 00344nam a2200133Ia 4500
008 210210b1971 xxu||||| |||| 00| 0 eng d
082 _a823.91 JOHB
100 _aJOHNS (W E).
245 _aBiggles foreign legionnaire.
260 _aLondon.
_bW M Collins, Sons & Co Ltd.,
_c1971
300 _a160
690 _aEnglish Fiction
906 _a030557
999 _c81680
_d81680